NPB 日本プロ野球 シーズン打率.360達成者 (1946年以降) - Statistics

General Stats
  • This quiz has been taken 420 times
  • The average score is 10 of 20
Answer Stats
氏名 % Correct
1994, 2000 イチロー
96%
2015 柳田悠岐
94%
1985 ランディ・バース
87%
2008 内川聖一
87%
1985, 1986 落合博満
83%
1999 ロバート・ローズ
81%
1970 張本勲
67%
2003 小笠原道大
66%
1986, 1989 ウォーレン・クロマティ
58%
1951 川上哲治
45%
1949 小鶴誠
37%
1950 藤村富美男
36%
1980 谷沢健一
27%
1987 新井宏昌
26%
1964 広瀬叔功
22%
1979 加藤英司
20%
1951 大下弘
18%
1954 与那嶺要
13%
1962 ジャック・ブルームフィールド
9%
1944 岡村俊昭
4%
No matching quizzes found
Score Distribution
Percent of People with Each Score
Percentile by Number Answered
Your Score History
You have not taken this quiz